Content rights for creative professionals : (Record no. 60373)

MARC details
000 -LEADER
campo de control de longitud fija 01466cam a2200361 a 4500
001 - NÚMERO DE CONTROL
campo de control 27554
005 - FECHA Y HORA DE LA ÚLTIMA TRANSACCIÓN
campo de control 20230410123402.0
008 - DATOS DE LONGITUD FIJA--INFORMACIÓN GENERAL
campo de control de longitud fija 020702s2003 enka 001 0 eng
035 ## - NÚMERO DE CONTROL DEL SISTEMA
Número de control de sistema 12840814
010 ## - NÚMERO DE CONTROL DE LA BIBLIOTECA DEL CONGRESO
Número de control de LC 2002073879
020 ## - NÚMERO INTERNACIONAL ESTÁNDAR DEL LIBRO
Número Internacional Estándar del Libro 0240804848 (pbk. : acid-free paper)
040 ## - FUENTE DE CATALOGACIÓN
Centro catalogador/agencia de origen DLC
Centro/agencia transcriptor DLC
Centro/agencia modificador DLC
043 ## - CÓDIGO DE ÁREA GEOGRÁFICA
Código de área geográfica n-us---
050 14 - SIGNATURA TOPOGRÁFICA DE LA BIBLIOTECA DEL CONGRESO
Número de clasificación K 1420.5
Número de ítem L975c 2003
082 00 - NÚMERO DE LA CLASIFICACIÓN DECIMAL DEWEY
Número de clasificación 346.04
Número de edición 21
100 1# - ENTRADA PRINCIPAL--NOMBRE DE PERSONA
Nombre de persona Lutzker, Arnold P.
245 10 - MENCIÓN DEL TÍTULO
Título Content rights for creative professionals :
Resto del título copyrights and trademarks in a digital age /
Mención de responsabilidad, etc. Arnold P. Lutzker.
250 ## - MENCION DE EDICION
Mención de edición 2nd ed.
260 ## - PUBLICACIÓN, DISTRIBUCIÓN, ETC.
Lugar de publicación, distribución, etc. Oxford ;
-- Boston :
Nombre del editor, distribuidor, etc. Focal Press,
Fecha de publicación, distribución, etc. c2003.
300 ## - DESCRIPCIÓN FÍSICA
Extensión xiv, 304 p. :
Otras características físicas ill. ;
Dimensiones 24 cm. +
Material acompañante/anejo 1 CD-ROM (4 3/4 in.)
500 ## - NOTA GENERAL
Nota general Rev. ed. of: Copyrights and trademarks for media professionals. c1997.
538 ## - NOTA DE DETALLES DEL SISTEMA
Nota de detalles del sistema System requirements for accompanying CD-ROM: Acrobat Reader; Macintosh and PC compatible.
500 ## - NOTA GENERAL
Nota general Includes index.
650 #0 - PUNTO DE ACCESO ADICIONAL DE MATERIA--TÉRMINO DE MATERIA
Término de materia o nombre geográfico como elemento de entrada Copyright.
650 #0 - PUNTO DE ACCESO ADICIONAL DE MATERIA--TÉRMINO DE MATERIA
Término de materia o nombre geográfico como elemento de entrada Copyright
Subdivisión geográfica United States.
650 #0 - PUNTO DE ACCESO ADICIONAL DE MATERIA--TÉRMINO DE MATERIA
Término de materia o nombre geográfico como elemento de entrada Trademarks
Subdivisión general Law and legislation
Subdivisión geográfica United States.
650 #0 - PUNTO DE ACCESO ADICIONAL DE MATERIA--TÉRMINO DE MATERIA
Término de materia o nombre geográfico como elemento de entrada Mass media
Subdivisión general Law and legislation
Subdivisión geográfica United States.
700 1# - ENTRADA AGREGADA--NOMBRE PERSONAL
Nombre de persona Lutzker, Arnold P.
Título de la obra Copyrights and trademarks for media professionals.
856 42 - LOCALIZACIÓN Y ACCESO ELECTRÓNICOS
Materiales especificados Publisher description
Identificador Uniforme de Recursos <a href="http://www.loc.gov/catdir/description/els031/2002073879.html">http://www.loc.gov/catdir/description/els031/2002073879.html</a>
856 41 - LOCALIZACIÓN Y ACCESO ELECTRÓNICOS
Materiales especificados Table of contents
Identificador Uniforme de Recursos <a href="http://www.loc.gov/catdir/toc/els031/2002073879.html">http://www.loc.gov/catdir/toc/els031/2002073879.html</a>
925 0# -
-- acquire
-- Copy 1=LL AUTO
-- PBC 2003-03-19
942 ## - ELEMENTOS DE ENTRADA SECUNDARIOS (KOHA)
Fuente del sistema de clasificación o colocación Clasificación de Library of Congress
Tipo de ítem Koha
Holdings
Estatus retirado Estado de pérdida Fuente del sistema de clasificación o colocación Estado de daño No para préstamo Colección Biblioteca de origen Biblioteca actual Ubicación en estantería Fecha de adquisición Serial enumeration / chronology Signatura topográfica completa Código de barras Visto por última vez Copia número Tipo de ítem Koha
    Clasificación de Library of Congress     Ciencias Sociales Biblioteca Juan Bosch Biblioteca Juan Bosch Ciencias Sociales (3er. Piso) 10/04/2023 1 K 1420.5 L975c 2003 00000029268 24/10/2018 1